00961nam a22002177a 450000500170000001000260001702000260004303500140006903500140008303700090009708200060010610000310011224500550014326000520019827001330025030000200038394200200040399900190042395201520044295201490059420251029123204.0 aENG-141366 ENG-147012 a9788196403997c795.00 aEN-124898 aEN-130544 bDBAD aS aSawhney, Kusum Lata985566 aA Light Through the Cracks/cBy Kusum Lata Sawhney aNew DelhibHar Anand Publications Pvy Ltdc2023 aE-49/3, Okhla Industrial Area, Phase-IIbNew Delhie110020cNew Delhik011-41603490l011-41708607minfo@haranandpublications.com a248p.c23cm(hb) 2ddccENhSmSAW c205167d205167 00102ddc40708FICaLbLd2024-08-21eDelivery of Books Act Divisiong795.00l0oS SAWpEN-124898r2024-08-21 00:00:00t1v795.00w2024-08-21yEN 001040708FICaJPbJPd2025-10-29eDelivery of Books Act Divisiong795.00l0oS SAWpEN-130544r2025-10-29 00:00:00t1v795.00w2025-10-29yEN